Carbohydrate Chemistry and Biochemistry (Record no. 16593)

000 -LEADER
fixed length control field 00304nam a22001217a 4500
008 - FIXED-LENGTH DATA ELEMENTS--GENERAL INFORMATION
fixed length control field 131128t xxu||||| |||| 00| 0 eng d
020 ## - INTERNATIONAL STANDARD BOOK NUMBER
International Standard Book Number 978-0-85404-256-2
040 ## - CATALOGING SOURCE
Original cataloging agency ASAB
Transcribing agency ASAB
100 ## - MAIN ENTRY--PERSONAL NAME
Personal name Michael L Sinnott
9 (RLIN) 327
245 ## - TITLE STATEMENT
Title Carbohydrate Chemistry and Biochemistry
300 ## - PHYSICAL DESCRIPTION
Extent 340
942 ## - ADDED ENTRY ELEMENTS (KOHA)
Source of classification or shelving scheme
Koha item type Book
Holdings
Withdrawn status Lost status Source of classification or shelving scheme Damaged status Not for loan Permanent Location Current Location Date acquired Total Checkouts Full call number Barcode Date last seen Price effective from Koha item type
          Atta-ur-Rahman School of Applied Biosciences (ASAB) Atta-ur-Rahman School of Applied Biosciences (ASAB) 11/28/2013   547.78 SIN ASAB1562 11/28/2013 11/28/2013 Book
© 2023 Central Library, National University of Sciences and Technology. All Rights Reserved.